| 000 | 01041nam a2200229Ia 4500 | ||
|---|---|---|---|
| 999 |
_c39561 _d39561 |
||
| 001 | 6160 | ||
| 003 | GE_BSU | ||
| 005 | 20191220111938.0 | ||
| 008 | 181216s1970||||g |||||||||||||| ||g || | ||
| 040 | _cGE_BSU | ||
| 041 | _ageo | ||
| 080 | _a821.353.1-2 გ-42 | ||
| 100 |
_aგეწაძე, აკაკი. _95853 |
||
| 245 |
_aწმინდანები ჯოჯოხეთში : _bდრამატული პოემა / _cაკაკი გეწაძე ; რედ. ბესარიონ ჟღენტი ; მხატვ. თ. სამსონაძე. |
||
| 264 |
_aთბილისი : _bხელოვნება, _c1970. |
||
| 300 |
_a127 გვ. ; _c16 სმ. |
||
| 653 | _aდრამატული პოემა | ||
| 653 | _aწმინდანები ჯოჯოხეთში | ||
| 700 |
_aჟღენტი, ბესარიონ _eრედაქტორი _95874 |
||
| 700 |
_aსამსონაძე, თ. _eმხატვარი _94788 |
||
| 942 |
_cBK _2udc |
||